| 000 | 00419nam a2200181Ia 4500 | ||
|---|---|---|---|
| 005 | 20240823055840.0 | ||
| 008 | 240823s9999||||xx |||||||||||||| ||und|| | ||
| 041 | _aENGLISH | ||
| 082 | _A631.41 Q1 | ||
| 100 | _a"Bohn,Hinrich L" | ||
| 245 | 0 | _aSoil Chemistry | |
| 250 | _a3rd | ||
| 260 |
_c2011 _bWiley India Pv _aNew Delhi |
||
| 500 | _aYES | ||
| 650 |
_aAgriculture _bChemistry |
||
| 942 | _cBK | ||
| 999 |
_c229747 _d229747 |
||